| 000 | 00541 a2200205 4500 | ||
|---|---|---|---|
| 005 | 20260116153405.0 | ||
| 008 | 260114b |||||||| |||| 00| 0 eng d | ||
| 020 |
_a978178209954 _c$ 149.00 |
||
| 040 | _aMAIN | ||
| 082 |
_a796.015 _bK781I |
||
| 100 | _aKnudson, Duane V, ed. | ||
| 245 | _aIntroduction to exercise science | ||
| 260 |
_bHuman Kinetics _c2024 _aChampaign |
||
| 300 | _avi, 313 | ||
| 650 | _aPhysical Education | ||
| 650 | _aSports Sciences-Research | ||
| 650 | _aKinesiology | ||
| 650 | _aExercise | ||
| 942 | _cBK | ||
| 999 |
_c394204 _d394204 |
||